000
00299nam a2200121Ia 4500
008
191201s1999 xx 000 0 und d
100
_a
KRAUS, John D
245
0
_a
Electromagnetics with Applications
260
_a
N. Delhi
_b
McGraw Hill
_c
1999
300
_a
617
650
_a
Applied
942
_2
ddc
_c
BK
999
_c
6624
_d
6624